000
00294nam a2200133Ia 4500
008
221030s9999 xx 000 0 und d
041
_a
English
082
_a
105.23
100
_a
D. I. Hawkins
245
0
_a
Consumer Behaviour
_c
by D. I. Hawkins
260
_c
0
650
_a
Mb
942
_c
BK
999
_c
11093
_d
11093